[Event "Tournoi MI"]
[Site "?"]
[Date "2013.07.07"]
[Round "1"]
[White "Poley, Vladimir"]
[Black "Navrotescu, Andreea"]
[Result "1-0"]
[WhiteElo "2326"]
[BlackElo "2112"]
[Annotator "Catalin"]
[PlyCount "47"]
[EventDate "2013.07.07"]
[EventRounds "9"]
[SourceDate "2013.07.07"]

1. Nf3 c5 2. c4 g6 3. Nc3 Bg7 4. a3 Nc6 5. Rb1 e6 $6 (5... Nf6 6. b4 d5 $1 7.
bxc5 d4 8. Na4 e5 9. d3 e4 10. Ng5 Qe7 11. e3 O-O 12. Nxe4 Nxe4 13. dxe4 Qxe4
14. Rb3 Na5 15. Rb5 Nc6 16. Qd3 Qe7 17. Be2 Bf5 18. Qb3 dxe3 19. fxe3 Qh4+ 20.
g3 Qe4 {0-1 (34) Popov,V (2545)-Khalifman,A (2627) St . Petersburg 2011}) 6. b4
cxb4 7. axb4 Nge7 8. b5 Na5 9. e3 O-O (9... b6 10. Ba3 Bb7 11. Bb4 Rc8) 10. Ba3
b6 11. Be2 a6 $6 (11... Bb7) 12. O-O d6 13. d4 Qc7 14. Nd2 Rd8 15. Bf3 Bb7 16.
bxa6 Bxf3 17. Qxf3 Rxa6 18. Nb5 Qb8 19. Rfc1 e5 $6 20. Ne4 {x d6.} exd4 21.
Bxd6 Qb7 22. Nf6+ Bxf6 23. Qxf6 Nec6 24. exd4 1-0

[Event "Tournoi MI"]
[Site "?"]
[Date "2013.07.07"]
[Round "1"]
[White "Breahna, Radu"]
[Black "Ider, Borya"]
[Result "0-1"]
[WhiteElo "2266"]
[BlackElo "2386"]
[Annotator "Catalin"]
[PlyCount "50"]
[EventDate "2013.07.07"]
[EventRounds "9"]
[SourceDate "2013.07.07"]

1. c4 e6 2. Nf3 Nf6 3. g3 a6 4. Bg2 b5 5. b3 Bb7 6. O-O Be7 7. d4 O-O 8. Nc3 b4
9. Na4 Be4 $5 {le fou noir trouve une position confortable au centre.} (9... d6
) 10. Nc5 $5 Bxc5 11. dxc5 Qe7 12. Qd4 Nc6 13. Qe3 e5 14. Bb2 Rfe8 15. Rfd1 ({
Plus active est} 15. a3 a5 16. axb4 Nxb4 17. Rfc1 Nc2 $2 18. Rxc2 Bxc2 19. Ne1
$1) 15... a5 16. Bh3 Bxf3 17. exf3 a4 18. Rab1 a3 19. Ba1 Ra5 20. f4 Rxc5 21.
Bxd7 $2 (21. fxe5 Nxe5 22. Bg2 Neg4 23. Qxe7 Rxe7 24. Re1 {et les blancs
peuvent espérer à une compensation grâce à la paire de fous.}) 21... Nxd7 22.
Rxd7 Qxd7 23. Qxc5 exf4 24. Qg5 Nd4 25. Rd1 Re1+ {Si 26.Txe1 Cf3 gagne la Dame.
} 0-1

[Event "Tournoi MI"]
[Site "?"]
[Date "2013.07.07"]
[Round "1"]
[White "Dumitrache, Dragos-Nicolae"]
[Black "Bouget, Alexandre"]
[Result "1-0"]
[WhiteElo "2451"]
[BlackElo "2257"]
[Annotator "Catalin"]
[PlyCount "61"]
[EventDate "2013.07.07"]
[EventRounds "9"]
[SourceDate "2013.07.07"]

1. d4 Nf6 2. c4 g6 3. f3 d5 4. cxd5 Nxd5 5. e4 Nb6 6. Nc3 Bg7 7. Be3 O-O 8. Qd2
Nc6 9. O-O-O e5 10. d5 Nd4 11. Nb5 ({Plus aigue est:} 11. f4) 11... Nxb5 12.
Bxb5 c6 $6 $146 (12... Bd7 13. Bd3 c6 14. dxc6 Bxc6) 13. dxc6 Qxd2+ 14. Bxd2 (
14. Rxd2 bxc6 15. Bxc6 Rb8 16. Bb5 a6 17. Be2 Be6 18. Kb1 Na4 19. Rc2 Rfc8 {
avec un jeu compliqué.}) 14... bxc6 15. Bxc6 Rb8 16. Bb4 Bh6+ (16... Be6 $1 17.
Bxf8 Bxf8 18. Kb1 Nc4 19. b3 Na3+ {et les Noirs ont la compensation pour le
matériel sacrifié.}) 17. Kb1 Ba6 18. Bxf8 Kxf8 19. Bd5 Nxd5 20. Rxd5 Bf1 21. h4
Rc8 ({mieux est} 21... Bf4 $1 22. h5 $1 g5 23. g3 Bxg3 24. Nh3 Be2) 22. Rd1
Bd3+ 23. Ka1 Rc2 24. Nh3 {avantage décisif pour les Blancs.} Be2 25. Rd5 f6 26.
Kb1 Rc6 27. Re1 Bc4 28. Rdd1 Ke7 29. Nf2 a5 30. Ng4 Bf4 31. Ne3 1-0

[Event "Tournoi MI"]
[Site "?"]
[Date "2013.07.07"]
[Round "1"]
[White "Bakalarz, Mietek"]
[Black "Laurent, Julien G"]
[Result "1/2-1/2"]
[WhiteElo "2308"]
[BlackElo "2287"]
[Annotator "Catalin"]
[PlyCount "40"]
[EventDate "2013.07.07"]
[EventRounds "9"]
[SourceDate "2013.07.07"]

1. e4 g6 2. d4 Bg7 3. Nf3 d6 4. Bc4 e6 5. O-O Ne7 6. Re1 O-O 7. Nbd2 Nd7 8. c3
c5 9. dxc5 (9. Bf1 {pour maintenir la ténsion au centre.}) 9... Nxc5 10. Bf1 b6
11. Nb3 Bb7 12. Nxc5 dxc5 13. Bf4 Qxd1 14. Raxd1 Rfd8 15. Nd2 Rd7 16. Bb5 Bc6
17. Bxc6 Nxc6 18. Nc4 Rad8 19. Rxd7 Rxd7 20. a4 Bf6 1/2-1/2

[Event "Tournoi MI"]
[Site "?"]
[Date "2013.07.07"]
[Round "1"]
[White "Bourdonnais, Loic"]
[Black "Sochacki, Wojtek"]
[Result "0-1"]
[WhiteElo "2190"]
[BlackElo "2264"]
[Annotator "Catalin"]
[PlyCount "104"]
[EventDate "2013.07.07"]
[EventRounds "9"]
[SourceDate "2013.07.07"]

1. c4 g6 2. g3 Bg7 3. Bg2 d6 4. Nc3 e5 5. d3 Ne7 6. e4 Be6 7. Nge2 O-O 8. O-O
Qd7 9. Be3 Nbc6 (9... Bh3 10. d4 Bxg2 11. Kxg2 exd4 12. Bxd4 Bxd4 13. Qxd4 {1/
2-1/2 (13) Shoker,S (2480)-Ezat,M (2461) Cairo EGY 2013}) 10. Nd5 Nd4 11. Nxd4
exd4 12. Bh6 $5 c6 13. Bxg7 Kxg7 14. Nf4 c5 15. Nxe6+ fxe6 16. Bh3 Nc6 17. f4
Rf6 18. g4 Kh8 19. g5 Rf7 20. Qd2 Raf8 21. Rf2 Qe7 22. Raf1 Rg8 23. Kh1 e5 24.
f5 gxf5 25. Rxf5 Rxf5 26. Rxf5 Qg7 27. a3 Ne7 28. Rf6 Ng6 29. Bf5 Rf8 30. Rxf8+
Qxf8 31. h4 Nxh4 32. Qf2 Ng6 33. Qh2 Qf7 34. Qh5 Kg8 35. Bxg6 hxg6 36. Qh3 Kg7
37. Kg2 a6 38. Qh6+ Kg8 39. Qh3 Qe7 40. Qh6 Qe6 41. Qh3 Qf7 42. Qf3 Qe7 43. Qg4
Kf7 44. Qh4 Ke8 45. Qh8+ Qf8 46. Qxf8+ Kxf8 47. a4 (47. b3 Ke7 48. Kf3 Kd7 49.
Ke2 Kc6 50. Kd2 b5 51. Kc2) 47... Ke7 48. Kf3 Kd7 49. Ke2 Kc7 50. Kd2 $4 (50.
a5 b6 51. b3 bxa5 52. Kd2 a4 53. bxa4 Kb6 54. Kc2 Ka5 55. Kb3) 50... Kb6 51.
Kc2 Ka5 52. Kb3 b5 0-1

[Event "Tournoi MI"]
[Site "?"]
[Date "2013.07.08"]
[Round "2"]
[White "Poley, Vladimir"]
[Black "Breahna, Radu"]
[Result "1-0"]
[WhiteElo "2326"]
[BlackElo "2266"]
[PlyCount "79"]
[EventDate "2013.07.07"]
[EventRounds "9"]
[SourceDate "2013.07.07"]

1. d4 d5 2. Nf3 Nf6 3. e3 Bf5 4. Be2 e6 5. O-O Nbd7 6. b3 h6 7. Bb2 Be7 8. c4
c6 9. a3 O-O 10. b4 dxc4 11. Bxc4 b5 12. Bd3 Bxd3 13. Qxd3 a5 14. bxa5 Qxa5 15.
Nc3 Rfd8 16. Rfc1 b4 17. axb4 Qxb4 18. Rab1 c5 19. Nb5 c4 20. Qxc4 Qxc4 21.
Rxc4 Rdb8 22. Bc1 Ra5 23. Nc3 Rxb1 24. Nxb1 Ra1 25. Nbd2 Nb6 26. Rc2 Bb4 27.
Nb3 Rb1 28. Rb2 Rxb2 29. Bxb2 Nc4 30. Bc1 Ne4 31. Kf1 f5 32. Ke2 Nb6 33. Ne5
Bd6 34. Nd3 Bxh2 35. g3 h5 36. Ndc5 h4 37. Nxe4 fxe4 38. gxh4 Nd5 39. Nc5 e5
40. dxe5 1-0

[Event "Tournoi MI"]
[Site "?"]
[Date "2013.07.08"]
[Round "2"]
[White "Navrotescu, Andreea"]
[Black "Laurent, Julien G"]
[Result "0-1"]
[WhiteElo "2112"]
[BlackElo "2287"]
[PlyCount "100"]
[EventDate "2013.07.07"]
[EventRounds "9"]
[SourceDate "2013.07.07"]

1. d4 Nf6 2. c4 e6 3. Nf3 c5 4. d5 d6 5. Nc3 exd5 6. cxd5 g6 7. Nd2 Bg7 8. e4
O-O 9. Be2 Na6 10. O-O Nc7 11. a4 Nfe8 12. Nc4 f5 13. exf5 Rxf5 14. Bf3 Qh4 15.
Ne3 Rf8 16. g3 Qd4 17. Bg2 b6 18. Qc2 Na6 19. Nb5 Qf6 20. Qc3 Nac7 21. Qxf6
Bxf6 22. Nc4 Ba6 23. Bh6 Nxb5 24. axb5 Bxb5 25. Nxb6 Rb8 26. Bh3 axb6 27. Be6+
Kh8 28. Bxf8 Bxf1 29. Kxf1 Bxb2 30. Rb1 Bg7 31. Be7 Rb7 32. Bg5 Bf6 33. Bf4 g5
34. Bd2 b5 35. Bc8 Rb8 36. Bd7 b4 37. f4 h6 38. Ke2 Nc7 39. Bc6 Nb5 40. Bxb5
Rxb5 41. Kd3 Ra5 42. Ke4 Ra2 43. Be1 gxf4 44. gxf4 Kg7 45. Bg3 Kf7 46. Kd3 Bc3
47. Rd1 Kf6 48. Kc4 Kf5 49. Bh4 Re2 50. Kb5 Rd2 0-1

[Event "Tournoi MI"]
[Site "?"]
[Date "2013.07.08"]
[Round "2"]
[White "Bouget, Alexandre"]
[Black "Bourdonnais, Loic"]
[Result "1-0"]
[WhiteElo "2257"]
[BlackElo "2190"]
[PlyCount "143"]
[EventDate "2013.07.07"]
[EventRounds "9"]
[SourceDate "2013.07.07"]

1. d4 d5 2. c4 e6 3. Nc3 f5 4. Nf3 Nf6 5. Bf4 c6 6. e3 Be7 7. Bd3 O-O 8. Qc2
Ne4 9. g4 Na6 10. a3 Qa5 11. Ke2 g5 12. gxf5 Nxc3+ 13. bxc3 dxc4 14. Bxc4 gxf4
15. fxe6 Qh5 16. Qe4 Qf5 17. Rhg1+ Kh8 18. Qxf5 Rxf5 19. Ne5 f3+ 20. Kd2 Rxe5
21. dxe5 b5 22. Ba2 Nc5 23. Kc2 Bxe6 24. Bxe6 Nxe6 25. Rad1 Bxa3 26. Rd7 Bc5
27. Rg3 Rf8 28. Rh3 Ng5 29. Rh5 Bxe3 30. h4 Ne6 31. Rhxh7+ Kg8 32. Rhe7 Rd8 33.
Rxd8+ Nxd8 34. Re8+ Kf7 35. Rxd8 Bxf2 36. h5 Be3 37. e6+ Ke7 38. Rd7+ Kxe6 39.
Rd3 Bh6 40. Rxf3 c5 41. Rf1 a5 42. Rb1 b4 43. c4 a4 44. Ra1 a3 45. Rf1 Bg7 46.
Kb3 Bh6 47. Rf2 Bg7 48. Rg2 Kf7 49. Rg5 Bf8 50. h6 Bxh6 51. Rxc5 Bf8 52. Rf5+
Ke8 53. c5 Be7 54. Rd5 Bd8 55. Rd2 Bh4 56. c6 Bg3 57. Rd7 Be5 58. Ka2 Bg3 59.
Rg7 Be5 60. c7 Bxg7 61. c8=Q+ Kf7 62. Qc4+ Kg6 63. Qxb4 Bb2 64. Qa5 Kf6 65. Kb3
Ke6 66. Kc4 Kd6 67. Qd5+ Ke7 68. Kd3 Kf6 69. Ke4 Ke7 70. Kf5 Ke8 71. Qb7 Kf8
72. Qd7 1-0

[Event "Tournoi MI"]
[Site "?"]
[Date "2013.07.08"]
[Round "2"]
[White "Sochacki, Wojtek"]
[Black "Bakalarz, Mietek"]
[Result "0-1"]
[WhiteElo "2264"]
[BlackElo "2308"]
[Annotator "Catalin"]
[PlyCount "152"]
[EventDate "2013.07.07"]
[EventRounds "9"]
[SourceDate "2013.07.07"]

1. e4 e5 2. Nf3 Nf6 3. Nxe5 d6 4. Nf3 Nxe4 5. Nc3 Nxc3 6. dxc3 Be7 7. Be3 O-O
8. Qd2 Qe8 9. O-O-O Qa4 10. Kb1 Nc6 11. Nd4 Nxd4 12. Bxd4 c5 13. Be3 Be6 14. c4
Rad8 15. b3 Qa3 16. Bg5 Rfe8 17. Bxe7 Rxe7 18. Qf4 Red7 19. Be2 a5 20. Qc1 Qb4
21. Qd2 Qb6 22. Bf3 Bxc4 23. Bd5 Bxd5 24. Qxd5 a4 25. Rhe1 axb3 26. cxb3 c4 27.
Qxc4 Qxf2 28. Re2 Qf5+ 29. Qc2 Qxc2+ 30. Kxc2 d5 31. Rd4 Kf8 32. a4 Re8 33.
Red2 Re5 34. b4 Ke7 35. a5 Kd6 36. Kb3 b6 37. axb6 Kc6 38. Ra2 Kxb6 39. Ra5 Re2
40. Raxd5 Rxd5 41. Rxd5 Rxg2 42. Rd7 Rf2 43. Kc4 Rf4+ 44. Kc3 h5 45. Rd6+ Kc7
46. Ra6 g5 47. h4 gxh4 48. Ra5 f5 49. Ra7+ Kc6 50. Rh7 Kd5 51. Rxh5 Rf3+ 52.
Kd2 h3 53. Ke2 Ke4 54. Rh8 Rb3 55. Kf2 Kf4 56. Kg1 Kg3 57. Rg8+ Kf3 58. Rh8
Rb1+ 59. Kh2 Rxb4 60. Kxh3 Rb7 61. Kh2 Rb2+ 62. Kg1 Rb1+ 63. Kh2 f4 64. Ra8 Re1
65. Ra4 Ke3 66. Ra3+ Kf2 67. Ra2+ Re2 68. Ra1 f3 69. Rb1 Ra2 70. Rc1 Rd2 71.
Ra1 Ke3+ 72. Kg1 Ke2 73. Rf1 (73. Rb1 Ra2 74. Rc1 Rd2 75. Rb1) 73... Rd8 74.
Rf2+ Ke3 75. Ra2 Rd1+ 76. Kh2 Rd2+ 0-1

[Event "Tournoi MI"]
[Site "?"]
[Date "2013.07.08"]
[Round "3"]
[White "Bakalarz, Mietek"]
[Black "Bouget, Alexandre"]
[Result "1/2-1/2"]
[WhiteElo "2308"]
[BlackElo "2257"]
[PlyCount "109"]
[EventDate "2013.07.07"]
[EventRounds "9"]
[SourceDate "2013.07.07"]

1. e4 e5 2. d4 exd4 3. Nf3 Nc6 4. Nxd4 Nf6 5. Nc3 Bb4 6. Nxc6 bxc6 7. Bd3 d5 8.
exd5 cxd5 9. O-O O-O 10. Bg5 c6 11. Na4 Be6 12. c3 Bd6 13. b4 h6 14. Bh4 d4 15.
Ba6 dxc3 16. a3 g5 17. Bg3 Bxg3 18. fxg3 Qxd1 19. Raxd1 Ng4 20. Rc1 c2 21. h3
Ne3 22. Rfe1 Nf5 23. Nc5 Bd5 24. Rxc2 Rfe8 25. Rxe8+ Rxe8 26. g4 Nh4 27. g3
Re1+ 28. Kf2 Rh1 29. Re2 Ng6 30. Re8+ Kg7 31. Bf1 Rh2+ 32. Ke3 Ra2 33. a4 Ra1
34. Kf2 Rb1 35. b5 cxb5 36. axb5 Rc1 37. Nd3 Rc2+ 38. Ke3 Be6 39. Ra8 Rc7 40.
Rb8 Ne7 41. Bg2 Nd5+ 42. Kd4 Nb6 43. Bc6 Bc4 44. Nf2 Bf1 45. h4 Nd7 46. Rd8 Nf8
47. Ra8 Ne6+ 48. Ke5 Bxb5 49. Bxb5 Rc5+ 50. Ke4 Rxb5 51. Rxa7 Rb6 52. Kf3 Rb3+
53. Kg2 Rb2 54. Rd7 Nc5 55. Rd4 1/2-1/2

[Event "Tournoi MI"]
[Site "?"]
[Date "2013.07.08"]
[Round "3"]
[White "Dumitrache, Dragos-Nicolae"]
[Black "Poley, Vladimir"]
[Result "1-0"]
[WhiteElo "2451"]
[BlackElo "2326"]
[PlyCount "95"]
[EventDate "2013.07.07"]
[EventRounds "9"]
[SourceDate "2013.07.07"]

1. b3 e5 2. Bb2 Nc6 3. e3 Nf6 4. c4 d5 5. cxd5 Nxd5 6. a3 a6 7. d3 Be6 8. Nf3
f6 9. Nbd2 Be7 10. Be2 O-O 11. O-O Qe8 12. Rc1 Rd8 13. Qc2 Nb6 14. Rfd1 Qf7 15.
b4 Rd7 16. d4 exd4 17. Bxd4 Nxd4 18. Nxd4 Rfd8 19. h3 g6 20. Nxe6 Qxe6 21. Nb3
Rxd1+ 22. Rxd1 Rxd1+ 23. Qxd1 Kg7 24. Qc2 Qe5 25. Bf3 c6 26. g3 Bd6 27. Kg2 Nd5
28. Bxd5 Qxd5+ 29. e4 Qe5 30. h4 Kf8 31. Na5 Qe7 32. Qd3 Be5 33. f4 Bb8 34. Qd4
Kg7 35. Kf3 Qc7 36. Nb3 b6 37. Qc3 Qd7 38. Nd4 c5 39. bxc5 bxc5 40. Qxc5 Kh6
41. Qf8+ Kh5 42. Qxf6 Qg4+ 43. Kg2 h6 44. Nf3 a5 45. e5 a4 46. Nh2 Qe2+ 47. Kh3
Qd3 48. Qe6 1-0

[Event "Tournoi MI"]
[Site "?"]
[Date "2013.07.08"]
[Round "3"]
[White "Bourdonnais, Loic"]
[Black "Ider, Borya"]
[Result "1/2-1/2"]
[WhiteElo "2190"]
[BlackElo "2386"]
[PlyCount "143"]
[EventDate "2013.07.07"]
[EventRounds "9"]
[SourceDate "2013.07.07"]

1. c4 Nf6 2. Nc3 e6 3. e4 d5 4. e5 d4 5. exf6 dxc3 6. bxc3 Qxf6 7. Nf3 b6 8. d4
Bb7 9. Be2 h6 10. O-O Bd6 11. c5 bxc5 12. Qa4+ c6 13. Rb1 Qe7 14. Ba3 Qc7 15.
dxc5 Be7 16. Nd2 O-O 17. Ne4 Nd7 18. Nd6 Bc8 19. Rfd1 Rd8 20. Bh5 g6 21. Qf4
Bxd6 22. cxd6 Qa5 23. Bxg6 fxg6 24. Qxh6 Qh5 25. Qe3 Qe5 26. Qf3 Nf6 27. c4 Qf5
28. Qxc6 Bd7 29. Qc5 Rdc8 30. Qxf5 gxf5 31. Rb7 Rab8 32. Rc7 Kf7 33. Bc5 e5 34.
Bxa7 Rxc7 35. dxc7 Rb7 36. Bb8 Be6 37. a4 Rb4 38. a5 Ra4 39. g4 Rxa5 40. gxf5
Bxf5 41. f3 Rc5 42. Rd8 Be6 43. c8=Q Bxc8 44. Bxe5 Rxc4 45. Bxf6 Kxf6 46. Kf2
Rc3 47. Kg3 Bb7 48. Rf8+ Kg7 49. Rf4 Bd5 50. Kg2 Kg6 51. Kg3 Kg5 52. Rf8 Be6
53. Rb8 Kf6 54. Rb5 Rc7 55. h4 Rd7 56. Rb4 Rg7+ 57. Kf2 Ke5 58. Re4+ Kf5 59.
Rb4 Bd5 60. Rg4 Rb7 61. Kg3 Rb3 62. Rf4+ Ke5 63. h5 Rb1 64. Rh4 Rf1 65. f4+ Kf5
66. h6 Rg1+ 67. Kf2 Rg8 68. h7 Rh8 69. Kg3 Bf7 70. Kf2 Bg6 71. Kf3 Bxh7 72. Rh6
1/2-1/2

[Event "Tournoi MI"]
[Site "?"]
[Date "2013.07.08"]
[Round "3"]
[White "Laurent, Julien G"]
[Black "Sochacki, Wojtek"]
[Result "1-0"]
[WhiteElo "2287"]
[BlackElo "2264"]
[PlyCount "89"]
[EventDate "2013.07.07"]
[EventRounds "9"]
[SourceDate "2013.07.07"]

1. Nf3 Nf6 2. c4 e6 3. g3 d5 4. Bg2 c5 5. cxd5 exd5 6. d4 Nc6 7. Nc3 Be7 8. O-O
O-O 9. Bg5 c4 10. Ne5 h6 11. Bxf6 Bxf6 12. Bxd5 Nxe5 13. dxe5 Bxe5 14. Bxc4 Bh3
15. Re1 Qxd1 16. Raxd1 Rac8 17. Bd5 Rxc3 18. bxc3 Bxc3 19. Bxb7 Bxe1 20. Rxe1
Rd8 21. f3 Be6 22. a4 a5 23. Kf2 Rd4 24. Bc6 Rd2 25. Bb5 Rc2 26. Bd3 Ra2 27.
Rb1 g6 28. Rb8+ Kg7 29. Bb5 Bb3 30. Rb7 Rc2 31. Ra7 Rc5 32. h4 h5 33. Ke3 Bd1
34. Kd4 Rf5 35. Bd3 Rf6 36. Rxa5 Re6 37. Ra7 Bxe2 38. Be4 Ra6 39. Rxa6 Bxa6 40.
Kc5 f6 41. Kb6 Be2 42. a5 g5 43. Bc6 Kg6 44. Bb5 Bxf3 45. a6 1-0

[Event "Tournoi MI"]
[Site "?"]
[Date "2013.07.08"]
[Round "3"]
[White "Breahna, Radu"]
[Black "Navrotescu, Andreea"]
[Result "1-0"]
[WhiteElo "2266"]
[BlackElo "2112"]
[PlyCount "153"]
[EventDate "2013.07.07"]
[EventRounds "9"]
[SourceDate "2013.07.07"]

1. d4 f5 2. Nc3 Nf6 3. Bg5 Nc6 4. Bxf6 exf6 5. e3 Bb4 6. Bd3 d6 7. Qf3 Bxc3+ 8.
bxc3 Ne7 9. Ne2 c6 10. O-O Be6 11. Nf4 Bf7 12. e4 fxe4 13. Qxe4 d5 14. Qe3 O-O
15. Ne6 Bxe6 16. Qxe6+ Kh8 17. Rae1 Ng8 18. Qh3 Nh6 19. Re6 Re8 20. Rfe1 Rxe6
21. Rxe6 Qa5 22. g4 Qa3 23. Qe3 Qf8 24. h3 Nf7 25. Re7 Nd6 26. Qe6 Re8 27. Rxe8
Nxe8 28. Qc8 Qe7 29. Bf5 Kg8 30. Bd7 Kf8 31. Qxb7 Qe1+ 32. Kg2 Qe4+ 33. Kg3
Qxc2 34. Qxc6 Qd3+ 35. Kg2 Qe4+ 36. Kh2 Qf4+ 37. Kg1 Nd6 38. Be6 h5 39. Qd7
hxg4 40. hxg4 g6 41. Bxd5 f5 42. Qd8+ Ne8 43. gxf5 Qg4+ 44. Bg2 gxf5 45. Qa8
Qd1+ 46. Kh2 Qh5+ 47. Bh3 Qe2 48. Kg2 Qxa2 49. Bxf5 Qd2 50. Qf3 Qg5+ 51. Kh2
Nf6 52. Bh3 Kg7 53. c4 a5 54. c5 Qd2 55. c6 Ne8 56. d5 Qd4 57. Bd7 Nc7 58. Qg3+
Kf6 59. Qxc7 Qxf2+ 60. Kh3 Qf3+ 61. Qg3 Qxd5 62. Qc3+ Ke7 63. Bg4 Qh1+ 64. Kg3
Qg1+ 65. Kf4 Qh2+ 66. Ke4 Qg2+ 67. Bf3 Qg6+ 68. Kd5 Qd6+ 69. Kc4 Qf4+ 70. Kb5
Kd8 71. Qxa5+ Ke8 72. Bd5 Qf1+ 73. Kb6 Qf2+ 74. Kb7 Qb2+ 75. Qb6 Qe5 76. Qb5
Kd8 77. Qa5+ 1-0

[Event "Tournoi MI"]
[Site "?"]
[Date "2013.07.09"]
[Round "4"]
[White "Breahna, Radu"]
[Black "Dumitrache, Dragos-Nicolae"]
[Result "0-1"]
[WhiteElo "2266"]
[BlackElo "2451"]
[PlyCount "100"]
[EventDate "2013.07.07"]
[EventRounds "9"]
[SourceDate "2013.07.07"]

1. d4 Nf6 2. c4 d6 3. Nf3 Nbd7 4. Nc3 e5 5. e4 Be7 6. Be2 O-O 7. O-O c6 8. Qc2
a6 9. Rd1 Qc7 10. Bg5 Re8 11. Bh4 b5 12. Bg3 Bb7 13. c5 exd4 14. cxd6 Bxd6 15.
Bxd6 Qxd6 16. Nxd4 Qc5 17. Nb3 Qb6 18. Rd6 Qc7 19. Rad1 c5 20. f3 c4 21. Nc1
Nc5 22. R6d2 Rad8 23. Bf1 h6 24. Kh1 Ne6 25. N1e2 Rxd2 26. Rxd2 Rd8 27. Qd1
Rxd2 28. Qxd2 Qc5 29. Ng3 Qd4 30. Qxd4 Nxd4 31. Kg1 g6 32. a3 Nd7 33. Kf2 Nc5
34. Ke3 Ncb3 35. Nge2 Nc2+ 36. Kf2 Kf8 37. Nf4 Ke7 38. Be2 Kd6 39. Bd1 Nbd4 40.
Bxc2 Nxc2 41. Ke2 Kc5 42. Kd2 Nd4 43. Nfe2 Nb3+ 44. Ke3 a5 45. e5 b4 46. axb4+
axb4 47. Ne4+ Bxe4 48. Kxe4 Nd2+ 49. Kf4 Kd5 50. h4 c3 0-1

[Event "Tournoi MI"]
[Site "?"]
[Date "2013.07.09"]
[Round "4"]
[White "Ider, Borya"]
[Black "Bakalarz, Mietek"]
[Result "1/2-1/2"]
[WhiteElo "2386"]
[BlackElo "2308"]
[PlyCount "72"]
[EventDate "2013.07.07"]
[EventRounds "9"]
[SourceDate "2013.07.07"]

1. d4 Nf6 2. Nf3 d6 3. g3 g6 4. Bg2 Bg7 5. O-O O-O 6. a4 d5 7. Nc3 Ne4 8. Nxe4
dxe4 9. Nd2 f5 10. c3 e5 11. dxe5 Nc6 12. f4 exf3 13. exf3 Nxe5 14. f4 Nf7 15.
Nf3 Qxd1 16. Rxd1 Re8 17. Nd4 a6 18. Nc2 Rb8 19. Be3 Be6 20. Ba7 Ra8 21. Bd4
Bb3 22. Rdc1 Nd6 23. Bxg7 Kxg7 24. Nd4 Bf7 25. Re1 Kf6 26. Nf3 Rxe1+ 27. Rxe1
Bb3 28. a5 h6 29. Ne5 Rd8 30. Re3 Nc4 31. Nxc4 Bxc4 32. b3 Rd1+ 33. Kf2 Rd2+
34. Kg1 Rd1+ 35. Kf2 Rd2+ 36. Kg1 Rd1+ 1/2-1/2

[Event "Tournoi MI"]
[Site "?"]
[Date "2013.07.09"]
[Round "4"]
[White "Bouget, Alexandre"]
[Black "Laurent, Julien G"]
[Result "1/2-1/2"]
[WhiteElo "2257"]
[BlackElo "2287"]
[PlyCount "84"]
[EventDate "2013.07.07"]
[EventRounds "9"]
[SourceDate "2013.07.07"]

1. d4 d6 2. Nf3 Bg4 3. c4 Bxf3 4. exf3 Nd7 5. d5 c6 6. Nc3 g6 7. Bd3 Bg7 8. O-O
Ngf6 9. f4 O-O 10. f5 cxd5 11. cxd5 Ne5 12. fxg6 hxg6 13. Bc2 Rc8 14. Kh1 Nc4
15. f4 Nd7 16. f5 Nde5 17. b3 Qa5 18. Ne2 Nb6 19. Be4 gxf5 20. Bd2 Qb5 21. Nd4
Qxf1+ 22. Qxf1 fxe4 23. Nf5 Ng6 24. h4 Nxd5 25. h5 Be5 26. Re1 e6 27. Nh6+ Kg7
28. hxg6 fxg6 29. Qb5 e3 30. Rxe3 Nxe3 31. Qd7+ Kxh6 32. Bxe3+ g5 33. Qxe6+ Bf6
34. g4 Rce8 35. Qxd6 Rd8 36. Qe6 Kg7 37. Qf5 Rfe8 38. Bxg5 Rd1+ 39. Kh2 Re2+
40. Kg3 Rg1+ 41. Kh3 Rh1+ 42. Kg3 Rg1+ 1/2-1/2

[Event "Tournoi MI"]
[Site "?"]
[Date "2013.07.09"]
[Round "4"]
[White "Poley, Vladimir"]
[Black "Bourdonnais, Loic"]
[Result "0-1"]
[WhiteElo "2326"]
[BlackElo "2190"]
[PlyCount "62"]
[EventDate "2013.07.07"]
[EventRounds "9"]
[SourceDate "2013.07.07"]

1. Nf3 c5 2. e3 g6 3. d4 Nf6 4. a3 d5 5. dxc5 a5 6. c4 Na6 7. Nc3 e6 8. cxd5
exd5 9. Bb5+ Bd7 10. Bxd7+ Qxd7 11. Ne5 Qe6 12. Qa4+ Kd8 13. Nd3 Nxc5 14. Nxc5
Bxc5 15. O-O Ke7 16. Rd1 Rhd8 17. Nb5 Qe4 18. Nd4 Kf8 19. b3 Bd6 20. Bb2 Bxh2+
21. Kxh2 Qh4+ 22. Kg1 Ng4 23. Rd2 Qh2+ 24. Kf1 Qh1+ 25. Ke2 Qxg2 26. Rf1 Nxe3
27. Ne6+ fxe6 28. Kxe3 d4+ 29. Bxd4 Qxf1 30. Bc5+ Kg8 31. Bd6 Qe1+ 0-1

[Event "Tournoi MI"]
[Site "?"]
[Date "2013.07.09"]
[Round "4"]
[White "Navrotescu, Andreea"]
[Black "Sochacki, Wojtek"]
[Result "0-1"]
[WhiteElo "2112"]
[BlackElo "2264"]
[PlyCount "120"]
[EventDate "2013.07.07"]
[EventRounds "9"]
[SourceDate "2013.07.07"]

1. d4 Nf6 2. Nf3 e6 3. e3 d5 4. Bd3 Nbd7 5. O-O c5 6. b3 Bd6 7. Bb2 Qc7 8. c4
dxc4 9. bxc4 a6 10. Nbd2 O-O 11. Rc1 b6 12. Bb1 cxd4 13. exd4 e5 14. d5 Nc5 15.
h3 Bd7 16. Nb3 Na4 17. Ba1 Rae8 18. Re1 g6 19. Re3 Nh5 20. Ng5 f5 21. Ne6 Bxe6
22. dxe6 Nc5 23. Nxc5 bxc5 24. g4 fxg4 25. Qxg4 Rf4 26. Qg2 Rxe6 27. Qa8+ Kg7
28. Qxa6 Qe7 29. Qa8 Qh4 30. Qg2 Rxc4 31. Rxc4 Qxc4 32. Bd3 Qxa2 33. Qb7+ Kh6
34. Bc3 Rf6 35. Re2 Qf7 36. Qxf7 Rxf7 37. Bxe5 Bxe5 38. Rxe5 Nf4 39. Bf1 Rc7
40. Re4 Kg5 41. f3 Kf5 42. Kf2 g5 43. Kg3 Ng6 44. Ra4 Nf4 45. h4 gxh4+ 46. Kxh4
Nd5 47. Bd3+ Kf6 48. Ra6+ Ke5 49. Rh6 Kf4 50. Rh5 Ne3 51. Rxh7 Rxh7+ 52. Bxh7
c4 53. Be4 Nd1 54. Bc2 Nf2 55. Ba4 c3 56. Kh5 Nd3 57. Bc2 Nc5 58. Kh4 Ne6 59.
Kh5 Nd4 60. Bg6 Nf5 0-1

[Event "Tournoi MI"]
[Site "?"]
[Date "2013.07.10"]
[Round "5"]
[White "Dumitrache, Dragos-Nicolae"]
[Black "Navrotescu, Andreea"]
[Result "1-0"]
[WhiteElo "2451"]
[BlackElo "2112"]
[PlyCount "109"]
[EventDate "2013.07.07"]
[EventRounds "9"]
[SourceDate "2013.07.07"]

1. d4 Nf6 2. Nf3 e6 3. e3 b6 4. Bd3 Bb7 5. O-O Be7 6. b3 O-O 7. Bb2 c5 8. Nbd2
d6 9. Qe2 Qc7 10. c4 Nbd7 11. Rad1 Rfe8 12. e4 cxd4 13. Nxd4 Nc5 14. Bc2 a6 15.
f4 e5 16. Nf5 Bf8 17. Kh1 Ncd7 18. Qf3 b5 19. Bd3 Nc5 20. cxb5 Nxd3 21. Qxd3
axb5 22. a3 Nh5 23. fxe5 dxe5 24. Qf3 Nf6 25. Qg3 Kh8 26. Rc1 Qb8 27. Nh6 Nxe4
28. Nxf7+ Kg8 29. Nh6+ Kh8 30. Nf7+ Kg8 31. Nh6+ Kh8 32. Nxe4 Bxe4 33. Nf7+ Kg8
34. Nh6+ Kh8 35. Bxe5 Qb7 36. Nf7+ Kg8 37. Nh6+ Kh8 38. Nf7+ Kg8 39. Nh6+ Kh8
40. Rc7 Bxg2+ 41. Qxg2 Qxg2+ 42. Kxg2 Rxe5 43. Nf7+ Kg8 44. Nxe5 Bd6 45. Rfc1
Bxe5 46. Rc8+ Rxc8 47. Rxc8+ Kf7 48. Rc5 Bd6 49. Rxb5 Bxa3 50. Rb7+ Kf6 51. b4
Bb2 52. Kf3 Ke6 53. Ke4 Kd6 54. Rb6+ Kc7 55. Re6 1-0

[Event "Tournoi MI"]
[Site "?"]
[Date "2013.07.10"]
[Round "5"]
[White "Bakalarz, Mietek"]
[Black "Poley, Vladimir"]
[Result "1/2-1/2"]
[WhiteElo "2308"]
[BlackElo "2326"]
[PlyCount "41"]
[EventDate "2013.07.07"]
[EventRounds "9"]
[SourceDate "2013.07.07"]

1. d4 d5 2. Nf3 Nf6 3. Bf4 c6 4. c3 Bf5 5. Qb3 Qb6 6. e3 Nbd7 7. h3 e6 8. Nbd2
Ne4 9. Be2 Nxd2 10. Nxd2 Be7 11. O-O O-O 12. Nf3 Rfe8 13. Ne5 Rad8 14. Nxd7
Rxd7 15. Rfd1 Bd6 16. Bxd6 Rxd6 17. Qxb6 axb6 18. Bd3 Bxd3 19. Rxd3 f6 20. Re1
e5 21. dxe5 1/2-1/2

[Event "Tournoi MI"]
[Site "?"]
[Date "2013.07.10"]
[Round "5"]
[White "Laurent, Julien G"]
[Black "Ider, Borya"]
[Result "1/2-1/2"]
[WhiteElo "2287"]
[BlackElo "2386"]
[PlyCount "90"]
[EventDate "2013.07.07"]
[EventRounds "9"]
[SourceDate "2013.07.07"]

1. c4 e6 2. g3 Nf6 3. Bg2 d5 4. Nf3 Be7 5. O-O O-O 6. b3 a5 7. Nc3 b6 8. e3 Bb7
9. Bb2 Nbd7 10. d3 Nc5 11. d4 Nce4 12. Nd2 Nxc3 13. Bxc3 Qc8 14. Bb2 a4 15. a3
axb3 16. Qxb3 dxc4 17. Nxc4 Bxg2 18. Kxg2 Qb7+ 19. f3 Qa6 20. a4 Nd5 21. Rfc1
f5 22. Qb5 Bg5 23. Kf2 Rfe8 24. h4 Bf6 25. e4 Qxb5 26. axb5 fxe4 27. fxe4 Nb4
28. Ke2 Rxa1 29. Rxa1 Nc2 30. Rd1 Rd8 31. e5 Be7 32. Rd2 Nb4 33. Ba3 Nd5 34.
Bxe7 Nxe7 35. Ne3 Kf7 36. Kf3 Ke8 37. Ke4 Nd5 38. Rc2 Nxe3 39. Kxe3 Kd7 40. Rf2
Ke7 41. Rc2 Kd7 42. Ke4 Ra8 43. Rf2 Ke7 44. Rc2 Kd7 45. Rf2 Ke7 1/2-1/2